Биология (Запис номер 127341)
[ съкратено ]
| 000 -Лидер | |
|---|---|
| Контролно поле с фиксирана дължина | nam a22 a 4500 |
| 003 - Код на организацията, давaща контролен номер | |
| Контролно поле | BLK |
| 005 - Дата и час на последна редакция | |
| Контролно поле | 20230322141419.0 |
| 008 - Елементи от данни с фиксирана дължина | |
| fixed length control field | 180409b bul|||||r ||||||| ||bul|| |
| 010 ## - Наследен системен номер | |
| LC control number | KNG00133043000 |
| 020 ## - Международен стандартен номер на книга ISBN | |
| Международен стандартен номер на книга ISBN | 954-01-0091-7 |
| 040 ## - Източник на каталожния запис | |
| Идентификатор на билиотеката - собственик на записа | BLK |
| 041 ## - Код за език | |
| Код за езика на текст/звукозапис или на отделно заглавие | Български |
| Код за езика КДБФ | Български |
| 080 ## - УДК | |
| Текстов определител УДК | Биологични науки |
| УДК код - определител по УДК | 57 |
| УДК определител | (075.3) |
| УДК - код + определител | 57(075.3) |
| 100 1# - Редна дума - Автор | |
| Автор | Ганев, Жечо В. |
| Авторска отговорност | първи автор |
| R(LIN) | 377763 |
| 139 ## - Редно поле | |
| Редна дума | Биология |
| Авторски знак | Био - Б 45 |
| 245 10 - Сведения за заглавието | |
| Заглавие | Биология |
| Подзаглавни данни | Учебник за IХ кл. на СОУ |
| Редно поле (дума) | Жечо В. Ганев. |
| 250 ## - Област на изданието | |
| Сведения за изданието | 2. прераб. изд. |
| 257 ## - Страна на издаване | |
| Страна на създаване/издаване | България |
| 260 ## - Област на издателските данни | |
| Място на издаване, разпространение и проч. | София |
| Име на издателя, разпространителя и проч. | Просвета |
| Година на издаване | 1992 |
| Печатница | София: Балкан прес |
| Издателство - префикс ISBN | 954-01-0091-7 |
| 300 ## - Физическа характеристика | |
| Страници | 159 с. |
| Илюстрации и др. | с ил. |
| Размери/Мащаб | 24 см |
| 380 ## - Жанр | |
| Жанр | Естествени науки. Математика |
| 500 ## - Общи забележки | |
| Забележка | Други авт. : М. Симеоновски, Св. Герасимов, Р. Дойчев, Н. Петрова, Цв. Димитрова ; Пълното име на авт. Св. Герасимов е Светослав Герасимов Цветков, а на Н. Петрова - Невяна Петрова Димитрова . - 1. изд. 1989. - 17 070 тир.; доп. тир. 1999. |
| 650 #4 - Допълнително описание по предмет – тема | |
| Основно описание – тема или топоним | Биология - учебници за средни училища |
| 9 (RLIN) | 247367 |
| 653 ## - Ключова дума – ненормативна | |
| Ключова дума | биология |
| 653 ## - Ключова дума – ненормативна | |
| Ключова дума | ІХ кл. |
| 653 ## - Ключова дума – ненормативна | |
| Ключова дума | учебници за средни училища |
| 852 ## - Местоположение | |
| Форматна сигнатура | Цб 170713 |
| Фондова буква | Хранилище |
| 856 4# - Електронен адрес и достъп | |
| Електронен формат | pdf - файл |
| Инструкция (цена за достъп) | 0.00 |
| Права за достъп | disable |
| 856 4# - Електронен адрес и достъп | |
| Електронен формат | pdf - файл |
| Инструкция (цена за достъп) | 0.00 |
| Права за достъп | disable |
| 999 ## - СИСТЕМНИ КОНТРОЛНИ НОМЕРА | |
| Koha biblionumber | 127341 |
| Koha biblioitemnumber | 127341 |
| 942 ## - АРТИКУЛИ | |
| Вид на библиотечния материал | Книги |
| Скрит в OPAC | Не |
| Периодичен библиозапис | Да |
| 944 ## - СЪЗДАВАНЕ И РЕДАКЦИЯ на ЗАПИСА | |
| Създаване/Редакция | Създаване |
| Дата на регистрацията/редакция | 22.08.2012 |
| Статус, дата на статуса | 22.08.2012 - от С1,Р / 22.08.2012 |
| Служител, извършил регистрацията/редакцията | Наталия_Медовщикова |
| 944 ## - СЪЗДАВАНЕ И РЕДАКЦИЯ на ЗАПИСА | |
| Създаване/Редакция | Редакция |
| Дата на регистрацията/редакция | 22.08.2012 |
| Статус, дата на статуса | 22.08.2012 - от С1,Р / 22.08.2012 |
| 999 ## - СИСТЕМНИ КОНТРОЛНИ НОМЕРА | |
| Koha biblioitemnumber | 127341 |
| Код за отписване | Код за изгубен артикул | Източник на класификационната схема | Код за повреда | Коз за рестрикции | Код за отдаване | Артикулен № | Име на библиотеката - собственик | Име на библиотеката, в която се намира в момента | Статус (Текущо местоположение) | Дата на вписване в системата | Местоположение - отдел | Цена в лева | Инвентарен номер | Систематично азбучна сигнатура | Баркод | Номер на екземпляра | Цена в евро | Служебна бележка | Служебен тип на артикула |
|---|---|---|---|---|---|---|---|---|---|---|---|---|---|---|---|---|---|---|---|
| Не е изгубен | Universal Decimal Classification | Не е повреден | без рестрикции | ползва се в читалня | 207138 | Регионална библиотека "Любен Каравелов" Русе | Регионална библиотека "Любен Каравелов" Русе | Хранилище | 1992-01-01 | Хранилище | 22.73 | 573544 | Цб 170713 | 120000573544 | 1 | 11.62 | N: стар фонд Дата: 01.01.1992 | Книги |